Asociaciones de oriundos mexicanos en "Chicagoacán" : (Record no. 198005)

MARC details
000 -CABECERA
campo de control de longitud fija 00889nam a2200229 a 4500
005 - FECHA Y HORA DE LA ÚLTIMA TRANSACCIÓN
campo de control 20210223133621.0
008 - ELEMENTOS DE LONGITUD FIJA--INFORMACIÓN GENERAL
campo de control de longitud fija 180731s2017 mx r 000 0 spa d
020 ## - NÚMERO INTERNACIONAL NORMALIZADO PARA LIBROS
Número Internacional Estándar del Libro 9786079470968
035 ## - NÚMERO DE CONTROL DEL SISTEMA
Número de control de sistema UPN01000225909
049 ## - COLECCIÓN
Colección CG
050 #4 - SIGNATURA TOPOGRÁFICA DE LA BIBLIOTECA DEL CONGRESO
Número de clasificación F548.9 M5
Número de documento/Ítem B3.2
100 1# - ASIENTO PRINCIPAL--NOMBRE PERSONAL
Nombre de persona Bada, Xóchitl,
Fechas asociadas al nombre 1972-
9 (RLIN) 42357
245 10 - MENCIÓN DE TÍTULO
Título Asociaciones de oriundos mexicanos en "Chicagoacán" :
Resto del título del compromiso cívico local a la acción trasnacional /
Mención de responsabilidad, etc. Xóchitl Bada ; tr. Cecilia Erandi López Aguilar.
260 ## - PUBLICACIÓN, DISTRIBUCIÓN, ETC.
Lugar de publicación, distribución, etc. Zamora, Mich. :
Nombre del editor, distribuidor, etc. El Colegio de Michoacán,
Fecha de publicación, distribución, etc. 2017.
300 ## - DESCRIPCIÓN FÍSICA
Extensión 278 p.
440 #0 - MENCIÓN DE SERIE/ASIENTO SECUNDARIO--TÍTULO
Título Investigaciones
534 ## - NOTA SOBRE LA VERSIÓN ORIGINAL
Frase introductoria Título original:
Mención de título del original Mexican hometown associaions in Chicagoacán : from local to transnational civic engagement
650 #4 - ASIENTO SECUNDARIO DE MATERIA - TERMINO TEMATICO
Término de materia o nombre geográfico como elemento de entrada MEXICANOS EN CHICAGO, ESTADOS UNIDOS
9 (RLIN) 27235
650 #4 - ASIENTO SECUNDARIO DE MATERIA - TERMINO TEMATICO
Término de materia o nombre geográfico como elemento de entrada INMIGRANTES -
Subdivisión general SOCIEDADES Y CLUBES
9 (RLIN) 27234
905 ## - TIPO DE MATERIAL
Tipo de material Libro
Holdings
Estado de retiro Estado de pérdida Fuente del sistema de clasificación o colocación Estado dañado No para préstamo Código de colección Localización permanente Ubicación/localización actual Ubicación en estantería Total de préstamos Clasificación Código de barras Fecha visto por última vez Número de copia Tipo de ítem Koha
    Library of Congress Classification     Colección General Bib. Gregorio Torres Quintero Bib. Gregorio Torres Quintero Planta baja   F548.9 M5 B3.2 327998 31/12/2020 1 Libro
    Library of Congress Classification     Colección General Bib. Gregorio Torres Quintero Bib. Gregorio Torres Quintero Planta baja   F548.9 M5 B3.2 327999 31/12/2020 1 Libro